000 00421 a2200157 4500
005 20260330114455.0
008 260330b |||||||| |||| 00| 0 eng d
020 _a9789370985179
080 _a89M-1
_bMEE/V
100 _aMeeraben
245 _aVyakulayakshi(വ്യാകുലയക്ഷി)
260 _bD C books.
_aKottayam.
_c2025.
300 _a120p.
653 _aPoetry-Malayalam Literature
942 _cOO
999 _c115270
_d115269